[Event "Sofia MTel Masters 4th"]
[Site "Sofia"]
[Date "2008.05.16"]
[Round "8"]
[White "Bu, Xiangzhi"]
[Black "Ivanchuk, Vassily"]
[Result "1/2-1/2"]
[WhiteElo "2708"]
[BlackElo "2740"]
[Annotator "Marin,M"]
[PlyCount "122"]
[EventDate "2008.05.08"]
[EventType "tourn"]
[EventRounds "10"]
[EventCountry "BUL"]
[EventCategory "20"]
[SourceTitle "CBM 124"]
[Source "ChessBase"]
[SourceDate "2008.05.28"]
[SourceVersion "1"]
[SourceVersionDate "2008.05.28"]
[SourceQuality "1"]

1. Nf3 Nf6 2. c4 b6 3. g3 c5 4. Bg2 Bb7 5. O-O e6 6. Nc3 Be7 7. d4 cxd4 8. Qxd4
d6 9. Rd1 a6 10. b3 Nbd7 11. e4 {This tricky move order has been known for a
very long time. By delaying the development of his queen's bishop, White
retains the possibility of attacking the d6-pawn with Ba3, depending on
Black's answer.} Qc8 {Equally tricky.} ({White's main idea is revealed after} 
11... Qc7 12. Ba3 Nc5 13. e5 dxe5 14. Qxe5 {. It is far from clear whether
White has an objective advantage here, but his play seems to be easier in the
ensuing ending. See for instance Villamayor,B (2560)-Nguyen Anh Dung (2557)/
Manila 2001/CBM 083/[Stohl] (1/2-1/2, 57).}) (11... Qb8 {is less effective
than the text move because after} 12. Ba3 Nc5 13. e5 Bxf3 14. Bxf3 dxe5 {
White has} 15. Bc6+ $1 {, depriving Black from the right to castle and
retaining strong initiative after} Kf8 16. Qe3 Ra7 17. b4 Ncd7 18. c5 {Stempin,
P (2380)-Ksieski,Z (2415)/Polanica Zdroj 1983/MCD (1-0, 36)}) 12. Bb2 {Having
provoked the slightly awkward placement of the enemy queen, White returns to
the normal course of development. Later, Black will need to spend a tempo on
improving the queen's position.} (12. Ba3 Nc5 13. e5 {would not work out so
well now because after} Bxf3 $1 14. Bxf3 dxe5 {the c6-square is defended by
the black queen.} 15. Qe3 ({Despite general belief before the computer era,} 
15. Qxe5 {is playable. After} Ncd7 $1 {[%csl Ga3,Ge5] White saves the game with
} 16. Rxd7 Nxd7 17. Qxg7 Bf6 18. Ne4 $3 Bxg7 19. Nd6+ Kd8 20. Nxf7+ $1 $11 {
and Black has to agree to a draw by perpetual because} Kc7 $4 {unexpectedely
leads to mate in one with} 21. Bd6#) 15... Rb8 {Schneider,A (2425)-Wojtkiewicz,
A (2550)/Stara Zagora 1990/CBM 017 (0-1, 42). and White's compensation is
questionable.}) 12... O-O 13. Qe3 {In the systems where White develops with
Bb2 and Qe3, his rooks usually go to e2 and e1, in order to prevent the
freeing move ...d5 in view of e5. This means that the loss of time provoked by
...Qc8 may be compensated by the early commitment of White's king's rook.
However, Bu had some unexpected plan in mind, where his rooks belong to d1 and
c1.} Re8 {In the English Hedgehog, the optimal placement of Black's rooks
depends on far from obvious details. Given the fact that Ivanchuk could not
foresee Bu's plan (as far as I know, it had only been played once before, in a
worse form for White, leading him to defeat), his last move seems very natural,
because it creates some pressure against the white queen (in view of an
eventual ...d5).} ({Anticipating the further course of events,} 13... Rd8 {
comes into consideration. For instance:} 14. Rac1 Qc7 15. h3 {Same plan as in
the game, never tried in this position, though.} ({In case of} 15. Nd4 {
Black can return to the normal regrouping with} Re8 16. h3 Rad8 {, for instance
} 17. Re1 Qb8 18. Rb1 Bf8 19. a4 g6 20. Ba3 Bg7 $13 {and Black has achieved a
comfortable position in Bukal,V (2422)-Markus,R (2584)/Djakovo 2005/CBM 106
ext (0-1, 53)}) 15... Rac8 16. Nh2 Qb8 17. Ng4 Ba8 18. Nxf6+ Bxf6 19. Na4 Bxb2
20. Nxb2 {and now, having the d6-pawn more securely defended, Black can play}
b5 $132) 14. Rac1 Qc7 15. h3 $5 {[%cal Gf3h2,Gh2g4] This move is usually
played in order to secure the queen on h3, but this game will add new
dimensions to the apparently modest pawn move.} ({Once again,} 15. Nd4 {
is not dangerous for Black.} Rac8 16. h3 Qb8 (16... Bf8 17. Re1 g6 18. Rcd1 Qb8
19. Qd2 {1/2-1/2 Bischoff,K (2541)-Lutz,C (2643)/Altenkirchen 2001/CBM 087})
17. g4 h6 18. Qg3 Nc5 19. f3 Bd8 $5 {An original regrouping, justified by the
awkward placement of the white queen.} 20. h4 Bc7 21. g5 d5 22. Qh3 Nh5 23. Qg4
g6 24. cxd5 Bf4 $36 {Popov,R (2470)-Notkin,M (2478)/Moscow 1999/EXT 2001 (0-1,
37)}) 15... Rac8 ({Here, too, placing a rook on d8 would have made sense.} 
15... Rad8 16. Nh2 Qb8 17. Ng4 Ba8 18. Nxf6+ ({The only game where Bu's
manoeuvre had been played went} 18. Ne2 Nxg4 19. hxg4 h6 $1 {Blocking the
g4-pawn and preventing White from increasing his advantage of space.} 20. Rc2
Ne5 21. f3 d5 $1 $132 {Espig,L (2445)-Womacka,M (2430)/Germany 1993/GER-chT2 
(0-1, 33)}) 18... Bxf6 19. Na4 Bxb2 20. Nxb2 {. Again,} b5 {offers Black
acceptable play, although in the previous similar line the rooks seem to be
better placed on c8 and d8.}) 16. Nh2 Qb8 17. Ng4 {The point is that, after
the exchange of one pair of knights, Black faces some problems defending his
d6- and b6-pawns. We have a slight paradox here, because the exchange of
pieces usually favours the player who lacks space.} Ba8 18. Nxf6+ Bxf6 19. Na4
Be7 ({In the absence of a rook on d8,} 19... Bxb2 20. Nxb2 $14 {offers White
some initiative, because of the threat Qd4.}) 20. e5 {Finally, White has
managed to carry out this pawn break, several moves after the opening has
finished. This ensures him some initiative, but maybe not an objective
advantage yet.} Bxg2 21. exd6 $5 (21. Kxg2 Nxe5 22. Bxe5 dxe5 23. Qxb6 Qa8+ 24.
Kg1 Bg5 25. Rb1 e4 $132) 21... Bxd6 ({The tempting} 21... Bxh3 {does not seem
to work out well for Black:} 22. dxe7 Qb7 (22... Rxe7 $2 23. g4 $3 {[%csl Gh3]
This elegant move traps the bishop. The pawn is taboo because of Qg5, while} b5
{can be met by} 24. Ba3 $1 $18) 23. f3 Rxe7 24. Rxd7 $1 Rxd7 25. Nxb6 Bf5 26.
Nxd7 Qxd7 27. g4 Bg6 28. g5 $1 {[%csl Rg7][%cal Ge3e5] Preventing ...f6, which
would secure the g7-square and prepare an expansion in the centre.} Qd6 29. f4
$5 (29. Qe5 Qxe5 30. Bxe5 {offers Black some counterplay after} f6 $5 31. gxf6
gxf6 32. Bxf6 Rf8) 29... Kf8 30. Qe5 Qxe5 31. Bxe5 $14 {and White's passed
pawns preserve their mobility, while Black's kingside is blocked.}) 22. Kxg2
Nc5 23. Nc3 $1 {The exchange of knights would solve Black's problems of
coordination.} Be5 $2 $16 {Rather careless. With his king's rook passively
placed, Black is not ready to display such activity.} ({It was not too late
yet to take the d-file under control with} 23... Red8 $5 {for instance} 24. Rc2
(24. b4 Nd7 $1 {[%csl Gb4]}) 24... Qb7+ 25. Kg1 Be7 {and Black's position is
entirely viable.}) 24. b4 Nb7 (24... Qb7+ 25. f3 Nd7 26. Rxd7 Qxd7 27. Qxe5 $16
) 25. Qxb6 Rxc4 26. Na4 Rxc1 27. Rxc1 $16 {With his knight passively placed,
his back rank vulnerable and his a6-pawn weak, Black can hardly resist to the
invasion of the enemy forces.} Bxb2 28. Nxb2 Qa8 29. Qc6 Nd6 30. Qxa8 Rxa8 31.
Rc6 Nf5 32. Rc7 h5 33. Nd3 h4 34. g4 Nd4 35. a4 f6 36. Nc5 e5 37. a5 Ne2 38.
Ne6 Nf4+ 39. Nxf4 exf4 40. Rc6 {This move allows Black some activity, which
will eventually prove sufficient to save this difficult ending.} (40. Rb7 $5
Rd8 (40... Kh7 41. Kf3 {loses a pawn without any counterplay.}) 41. b5 $1 axb5
(41... Rd5 {does not change anything, because it fails to create a threat.
White can first carry out his kingside plan with} 42. Kf3 $1 Kh7 43. Kxf4 {
, and only now think about bxa6.} axb5 44. a6 b4 45. a7 Ra5 46. Ke3 $18) 42. a6
Ra8 43. a7 Kh7 {With a pawn on the seventh rank, White is winning, if only he
can eliminate the dangerous b-pawn and keep the relatively slow black
counterplay on the opposite wing under control.} 44. Kf3 b4 45. Ke4 $1 {
Ignoring the f4-pawn, of course.} Kh6 46. Kd4 g5 ({In the event of} 46... f3 {
the white king can go straight to the own pawn with} 47. Kc5 $1 b3 48. Kb6 $18
{[%cal Gb6a6] and Black's counterplay is one move too slow.}) 47. f3 b3 48. Kc3
Kg6 (48... f5 49. gxf5 g4 50. fxg4 f3 {would lose too much material, allowing
White change plans with} 51. Kd3 $1 $18 {After the exchange of the b- and
a-pawns, his kingside advantage will be decisive anyway.}) 49. Kxb3 f5 50.
gxf5+ Kxf5 51. Kc4 g4 52. fxg4+ Ke4 53. Kc5 f3 54. Rf7 Ke3 55. Kb6 $18) 40...
Kf7 41. g5 Kg6 42. gxf6 gxf6 43. Kf3 Kg5 44. Rc5+ f5 45. Rc6 Rb8 46. Rb6 Ra8
47. Ke2 Re8+ 48. Kd3 Re4 49. Kc3 Re2 50. Rxa6 Rxf2 51. Rd6 f3 52. Rd1 Kf4 53.
Kb3 Re2 54. a6 Re3+ 55. Kc4 f2 56. Rf1 Kg3 57. b5 Ra3 {Black's counterplay has
become too threatening and White decided to force a draw.} 58. Kb4 Ra2 59. Kb3
Ra5 60. Kb4 Ra2 61. Kb3 Ra5 1/2-1/2

[Event "Sofia MTel Masters 4th"]
[Site "Sofia"]
[Date "2008.05.18"]
[Round "10"]
[White "Cheparinov, Ivan"]
[Black "Ivanchuk, Vassily"]
[Result "0-1"]
[WhiteElo "2696"]
[BlackElo "2740"]
[Annotator "Postny,E"]
[PlyCount "66"]
[EventDate "2008.05.08"]
[EventType "tourn"]
[EventRounds "10"]
[EventCountry "BUL"]
[EventCategory "20"]
[SourceTitle "CBM 124"]
[Source "ChessBase"]
[SourceDate "2008.05.28"]
[SourceVersion "1"]
[SourceVersionDate "2008.05.28"]
[SourceQuality "1"]

1. e4 c5 {Already a kind of a surprise. Obviously, Ivanchuk has vast
experience in the Sicilian, however, in his tournament situation when a draw
would secure him clear first, some solid opening was expected. But, you can
never know, what to expect from Ivanchuk!} 2. Nf3 Nc6 3. d4 cxd4 4. Nxd4 e6 5.
Nc3 Qc7 6. Be3 a6 7. Qd2 Nf6 8. O-O-O Bb4 {So, it is one of the sharpest
variations in the Paulsen.} 9. f3 Ne5 10. Nb3 b5 (10... Bxc3 $6 11. bxc3 {
is in White's favour since the dark squares in Black's camp are vulnerable.})
11. Bd4 {This move is more tempting, though the prophylactic 11.Kb1 is also a
common move here.} (11. Kb1 Nc4 (11... Be7 12. Qf2 d6 13. Bb6 Qb8 14. Bd4 O-O
15. g4 Nfd7 16. Rg1 b4 17. Na4 a5 18. f4 Nc6 19. Be3 Ba6 20. g5 Rc8 $132 {
0-1 Macieja,B (2599)-Iotov,V (2531)/Plovdiv BUL 2008/The Week in Chess 703 (69)
}) 12. Bxc4 bxc4 13. Nc1 Rb8 14. Bf4 (14. Ka1 $6 O-O 15. Bf4 e5 16. Bg5 Ne8 17.
N1e2 d6 18. a3 a5 19. Qc1 Be6 20. Na2 f5 21. Nec3 Qb7 22. Rhf1 Bc5 23. Rfe1 f4
$17 {0-1 Morozevich,A (2755)-Vitiugov,N (2594)/Moscow RUS 2007/The Week in
Chess 685 (71)}) 14... e5 15. Bg5 Qb6 16. N1e2 O-O 17. Bxf6 Ba3 18. b3 Qxf6 19.
Nd5 Qd8 20. f4 $1 $14 {1-0 Cheparinov,I (2670)-Pelletier,Y (2609)/Crete 2007/
CBM 121 (30)}) 11... Be7 (11... Bb7 12. Kb1 Be7 13. Qf2 (13. Na5 d6 14. Ne2 {
1/2-1/2 Ivanchuk,V (2740)-Ljubojevic,L (2600)/Belgrade 1995/CBM 051}) 13... Rc8
14. a3 O-O 15. g4 d6 16. g5 Nfd7 17. Rg1 Nc6 18. Be3 b4 19. axb4 Nxb4 20. f4
Rfe8 21. f5 exf5 22. exf5 Bf8 23. Rd4 $16 {1-0 Cheparinov,I (2550)-Pogorelov,R
(2451)/Dos Hermanas 2004/CBM 099 ext (41)}) 12. Qf2 {Cheparinov deviates from
his own game, obviously suspecting some improvement which might have been
prepared by Vassily Ivanchuk.} (12. Kb1 d6 13. Qf2 O-O 14. g4 Nfd7 15. Rg1 b4
16. Na4 Qc6 17. Nb6 Nxb6 18. Na5 Qd7 19. Bxb6 Rb8 20. f4 Ng6 21. Nc4 Qc6 22.
Ba7 Rb5 23. f5 Ne5 24. Nxe5 Rxe5 25. Bd4 $16 {1-0 Cheparinov,I (2625)
-Middelburg,T (2413)/Netherlands 2006/EXT 2007 (38)}) 12... d6 13. g4 O-O {
Now the position is similar to one that arises in the other Sicilian variation:
1.e4 c5 2.Nf3 d6 3.d4 cxd4 4.Nxd4 Nf6 5.Nc3 a6 6.Be3 e6 7.f3 b5 8.Qd2 and so
on. Castling on opposite sides always promises a sharp, double-edged fight.}
14. g5 Nfd7 15. Rg1 Bb7 16. Kb1 Rfc8 17. Rg3 $2 $146 {Just a bad novelty.
Needless to say, that in such a sharp position one mistake is enough to lose
the game.} (17. a3 {This move is necessary to prevent b5-b4.} Nc4 18. Bxc4 Qxc4
{I think that the recapture by the queen is preferable. This way Black keeps
his queenside pawns mobile, compared to the position which arises after 18...
bxc4.} (18... bxc4 19. Nc1 Rab8 20. N1e2 Bc6 21. Ka1 Qa5 22. Na2 e5 23. Bc3 Qc7
24. Ng3 g6 25. Nf1 Nc5 26. Ne3 $14 {1-0 Kasparov,G (2838)-Ye Jiangchuan (2667)/
Bled 2002/EXT 2003 (66)}) 19. Rg4 Qc7 (19... a5 $5 $13 {[%cal Gb5b4] Ribli})
20. f4 e5 21. Be3 exf4 22. Bxf4 Ne5 23. Rg3 Bf8 24. h4 $14 {[%csl Yd5][%cal
Gh4h5,Gc3d5] 1-0 Lahno,K (2472)-Goloshchapov,A (2577)/Kharkov 2004/CBM 103 (41)
}) 17... b4 18. Na4 {The knight has to go to this unfortunate square.} Bd8 $1 {
Covering b6 square and preparing 19...Bc6. The Na4 has no place to retreat to.}
19. Nc1 {What else?} Bc6 20. b3 Bxa4 21. bxa4 Nc6 22. Be3 Qb8 $1 {Preparing
either 23...Nb6 or 23...Bb6.} ({An immediate} 22... Nb6 $2 {would
unnecessarily give up a pawn:} 23. Bxb6 Qxb6 24. Qxb6 Bxb6 25. Rxd6) 23. Rh3 {
An attempt to create mating threats along the h-file is too primitive but,
White has no other idea instead. His position on the queenside is permanently
corrupted.} Nb6 24. Qh4 (24. Bxb6 Qxb6 25. Qxb6 Bxb6 26. Rxd6 Be3 $17 {White
has too many weaknesses.}) 24... h6 {The only defence but, sufficient.} 25. Qg3
(25. Qh5 Nxa4 26. gxh6 Nc3+ 27. Ka1 Nxd1 28. hxg7 Bf6+ $19) 25... Nxa4 26. Rxd6
hxg5 27. Bd3 Bf6 {White has no threats, meanwhile his king is doomed.} 28. e5
Bxe5 29. Rh8+ {Trying to shatter Chukky's confidence but, not in this
tournament!} Kxh8 30. Qh3+ Kg8 31. Qh7+ Kf8 32. Rd7 Nc3+ 33. Ka1 Nb5+ {With
this win Ivanchuk set the seal on a convincing overall victory with a superb
result: 8 points out of 10!} 0-1

[Event "Foros Aerosvit 3rd"]
[Site "Foros"]
[Date "2008.06.16"]
[Round "8"]
[White "Shirov, Alexei"]
[Black "Ivanchuk, Vassily"]
[Result "0-1"]
[WhiteElo "2740"]
[BlackElo "2740"]
[Annotator "Krasenkow,M"]
[PlyCount "72"]
[EventDate "2008.06.08"]
[EventType "tourn"]
[EventRounds "11"]
[EventCountry "UKR"]
[EventCategory "19"]
[SourceTitle "CBM 125"]
[Source "ChessBase"]
[SourceDate "2008.07.30"]
[SourceVersion "1"]
[SourceVersionDate "2008.07.30"]
[SourceQuality "1"]

1. d4 Nf6 2. c4 g6 3. Nc3 d5 4. cxd5 Nxd5 5. Bd2 Bg7 6. e4 Nb6 7. Be3 O-O 8.
Bb5 Qd6 $5 {A rare continuation.} (8... a6) (8... Be6) (8... f5 {are the most
popular moves.}) 9. Nge2 (9. e5 $5 Qb4 $5 10. Nge2 {needs testing.}) 9... c6
$146 (9... a6 $5 10. Bd3 Rd8 11. O-O Nc6 12. d5 (12. e5 $5 Nxe5 $140 $2 13. Ne4
) 12... Ne5 $132 {0-1 Aleksandrov,A-Grischuk,A/chessassistantclub.com INT 2004/
CBM 104 ext (41)}) 10. Bd3 e5 11. dxe5 Qxe5 12. Bd4 Qe7 13. Bxg7 Kxg7 $11 14.
Bc2 {There was no point in keeping this "bad" bishop. Development was more
important:} (14. O-O N8d7 15. Qc2 Ne5 16. Rfd1 $11) 14... Rd8 15. Qc1 Na6 16.
O-O Be6 17. Nf4 Bc4 18. Re1 $6 (18. Rd1 $5) 18... Nb4 (18... Qe5 $5) 19. a3 (
19. e5 Rd4 $36) 19... Nxc2 20. Qxc2 Qf6 $15 {Black has finally exchanged the
white bishop; additionally, he now controls the d-file.} 21. Nce2 Rd7 22. b3
Ba6 23. Rad1 Rad8 24. g3 Qe5 25. f3 (25. Qc3 Qxc3 26. Nxc3 Rxd1 27. Rxd1 Rxd1+
28. Nxd1 Kf6 $17) (25. Rxd7 Rxd7 26. Qc3 Qxc3 27. Nxc3 g5 28. Ng2 Rd2 29. Ne3
$15) 25... Kg8 (25... g5 $5) 26. a4 h5 27. Kf2 Rd6 28. Qc3 Nd7 29. Rxd6 $6 {
Definitely conceding the d-file, which was not forced.} (29. b4 $142 $15) 29...
Qxd6 $17 30. Rc1 Ne5 31. h4 Qf6 32. b4 $4 {[%mdl 8192] Tactical oversights are
quite usual in inferior positions.} (32. Ng1 $8 Qe7 $17 {[%cal Re5d3]}) 32...
Rd3 $1 33. Nxd3 Qxf3+ 34. Kg1 Bxd3 35. Qxe5 Qe3+ 36. Kh2 Qxe2+ 0-1

[Event "Dortmund SuperGM 36th"]
[Site "Dortmund"]
[Date "2008.06.28"]
[Round "1"]
[White "Ivanchuk, Vassily"]
[Black "Van Wely, Loek"]
[Result "1/2-1/2"]
[WhiteElo "2740"]
[BlackElo "2677"]
[Annotator "Ftacnik,L"]
[PlyCount "77"]
[EventDate "2008.06.28"]
[EventType "tourn"]
[EventRounds "7"]
[EventCountry "GER"]
[EventCategory "18"]
[SourceTitle "CBM 125"]
[Source "ChessBase"]
[SourceDate "2008.07.30"]
[SourceVersion "1"]
[SourceVersionDate "2008.07.30"]
[SourceQuality "1"]

1. e4 c5 2. Nf3 d6 3. d4 cxd4 4. Nxd4 Nf6 5. Nc3 a6 6. Be2 e6 7. a4 Nc6 8. O-O
Be7 9. Be3 O-O 10. f4 Qc7 11. Kh1 Re8 12. Bf3 Bf8 13. Qd2 Rb8 14. Rfd1 Na5 {
The knight move to a5 is well established in the classical Scheveningen, but
for some reason in this very position it is still a rare guest.} 15. Qf2 (15.
b3 b6 16. Qe1 Bb7 17. Rd3 Nc6 18. Nxc6 Bxc6 19. Qg3 e5 20. fxe5 dxe5 21. Bg5
Be7 22. Bh6 Bf8 23. Bg5 Be7 24. Bh6 Bf8 25. Rf1 Rbd8 26. Rxd8 Rxd8 $15 {
1-0 Mikita,J (2209)-Obona,J (2241)/Slovakia 2004 (38)}) 15... Nc4 16. Bc1 e5 $1
17. Nde2 (17. Nf5 Bxf5 18. exf5 exf4 $1 (18... e4 19. Be2 Rbc8 20. g4 $36) 19.
Qd4 Ne3 $15) 17... exf4 (17... d5 $5 18. Nxd5 Nxd5 19. Rxd5 (19. exd5 $2 e4 20.
Bh5 g6 21. b3 Nd6 22. Bb2 e3 23. Qg3 Nf5 $17) 19... Be6 20. Rd1 Rbd8 $44) 18.
Nxf4 Be6 {[%mdl 4] Van Wely has used the moment of his opponent's strain to
play the standard counterplay in the centre. Ivanchuk will have to work hard
in order to get even a trace of an advantage.} (18... Ng4 19. Qg3 Nce5 20. Be2
Qc5 21. Rf1 Nf6 22. Be3 Qc6 $14) 19. b3 (19. Nfd5 Nxd5 20. Nxd5 Bxd5 21. Rxd5
g6 22. b3 Bg7 23. Ra2 Nb6 24. Rd1 Nd7 25. Bf4 Be5 $11) 19... Ne5 20. Bb2 g6 $1
{The transfer of the bishop to g7 is well known, but here it completely
eliminates the potential of its dangerous counterpart on b2.} 21. Ncd5 (21. Be2
Bg7 22. h3 Nc6 $11) 21... Bxd5 22. Nxd5 (22. exd5 $6 Bg7 23. c4 Nfg4 $15) 22...
Nxd5 23. Rxd5 {White is too experienced to fall for the positionally second
rate capture with the pawn on d5.} (23. exd5 $2 Bg7 $15) 23... Bg7 24. c4 Nxf3
25. gxf3 (25. Bxg7 Ng5 $1 26. Rxg5 (26. Bb2 Nxe4 27. Qd4 f6 $17) 26... Kxg7 27.
Qd4+ Kg8 $11) 25... Bxb2 26. Qxb2 Re5 27. Rad1 (27. Rxe5 dxe5 28. Rd1 b5 $11)
27... Rxd5 28. Rxd5 Qb6 $1 {The defender actually had to see this fine move in
advance, othwerwise the weakness of the d6-pawn could cost him dear.} (28...
Re8 $2 29. Qd4 Qd7 (29... Re6 30. c5 $1 $16) 30. Rxd6 Qh3 31. Qd1 Re5 32. Qe2
$16) 29. Kg2 Rc8 $1 (29... Qb4 30. e5 dxe5 31. Qxe5 Rc8 32. Rd3 $11) 30. Qc3
Rc5 31. h4 Rxd5 32. cxd5 Qd8 33. Kg3 Qb6 34. Kg2 (34. Qc8+ Kg7 35. Qd7 Qg1+ $11
) 34... Qd8 35. e5 Qxh4 $1 {A precise reaction to the last enemy attempt to
get some chances. White's king will be too exposed to hide from perpetual
checks.} (35... dxe5 $6 36. Qxe5 Qxh4 37. d6 $14) 36. exd6 Qg5+ 37. Kf2 Qh4+ (
37... Qxd5 38. Qc8+ Kg7 39. d7 Qd2+ $11) 38. Kg2 (38. Ke3 Qg5+ 39. Ke4 Qf5+ 40.
Ke3 (40. Kd4 $4 Qf6+ 41. Kc4 Qxc3+ 42. Kxc3 Kf8 $19) 40... Qg5+ $11) 38... Qg5+
39. Kf2 1/2-1/2